[Event "DVM U16 2021"]
[Site "Kiel GER"]
[Date "2022.07.23"]
[Round "1"]
[White "Müller, Magnus"]
[Black "Mainka, Alwin"]
[Result "0-1"]
[Termination "normal"]
[Board "4.1"]
[WhiteElo "2021"]
[BlackElo "2011"]
[WhiteClock "00:20:29"]
[BlackClock "00:50:20"]
[WhiteTeam "ESV Gera"]
[BlackTeam "DJK Arminia Eilendorf 1919 e. V."]
[PlyCount "110"]
[WhiteFideId "16230060"]
[BlackFideId "16241177"]
[EventCountry "GER"]
[EventRounds "7"]
[EventType "team-swiss"]
[EventDate "2022.07.22"]

1. e4 {[%clk 01:30:35]} {[%emt 00:00:25]} c5 {[%clk 01:30:52]} {[%emt
00:00:08]} 2. Nc3 {[%clk 01:30:58]} {[%emt 00:00:06]} Nc6 {[%clk 01:30:59]}
{[%emt 00:00:23]} 3. Bb5 {[%clk 01:31:21]} {[%emt 00:00:08]} g6 {[%clk
01:31:08]} {[%emt 00:00:20]} 4. Bxc6 {[%clk 01:31:44]} {[%emt 00:00:07]} bxc6
{[%clk 01:31:30]} {[%emt 00:00:07]} 5. d3 {[%clk 01:32:10]} {[%emt 00:00:05]}
d5 {[%clk 01:30:04]} {[%emt 00:01:56]} 6. b3 {[%clk 01:31:48]} {[%emt
00:00:52]} Bg7 {[%clk 01:24:48]} {[%emt 00:05:46]} 7. Nge2 {[%clk 01:31:04]}
{[%emt 00:01:14]} Nf6 {[%clk 01:22:48]} {[%emt 00:02:30]} 8. e5 {[%clk
01:15:07]} {[%emt 00:16:27]} Nd7 {[%clk 01:21:56]} {[%emt 00:01:23]} 9. f4
{[%clk 01:15:29]} {[%emt 00:00:08]} f6 {[%clk 01:20:18]} {[%emt 00:02:08]} 10.
d4 {[%clk 01:02:36]} {[%emt 00:13:24]} Ba6 {[%clk 01:20:02]} {[%emt 00:00:45]}
11. e6 {[%clk 01:00:55]} {[%emt 00:02:11]} Nf8 {[%clk 01:14:39]} {[%emt
00:05:54]} 12. f5 {[%clk 01:00:44]} {[%emt 00:00:42]} gxf5 {[%clk 01:02:55]}
{[%emt 00:12:13]} 13. Nf4 {[%clk 00:57:19]} {[%emt 00:03:55]} Qd6 {[%clk
01:02:39]} {[%emt 00:00:46]} 14. Qh5+ {[%clk 00:47:47]} {[%emt 00:10:02]} Kd8
{[%clk 01:03:03]} {[%emt 00:00:06]} 15. Kd1 {[%clk 00:26:30]} {[%emt 00:21:47]}
cxd4 {[%clk 00:59:04]} {[%emt 00:04:28]} 16. Na4 {[%clk 00:26:21]} {[%emt
00:00:38]} Ng6 {[%clk 00:52:16]} {[%emt 00:07:19]} 17. Qxf5 {[%clk 00:25:34]}
{[%emt 00:01:18]} Qe5 {[%clk 00:49:50]} {[%emt 00:02:56]} 18. Qxe5 {[%clk
00:21:31]} {[%emt 00:04:32]} fxe5 {[%clk 00:49:43]} {[%emt 00:00:37]} 19. Nh5
{[%clk 00:21:55]} {[%emt 00:00:06]} Rg8 {[%clk 00:41:47]} {[%emt 00:08:26]} 20.
Nc5 {[%clk 00:21:54]} {[%emt 00:00:31]} Bc8 {[%clk 00:42:00]} {[%emt 00:00:18]}
21. Rf1 {[%clk 00:22:02]} {[%emt 00:00:21]} Bh8 {[%clk 00:41:41]} {[%emt
00:00:49]} 22. Bh6 {[%clk 00:20:52]} {[%emt 00:01:40]} Ke8 {[%clk 00:41:39]}
{[%emt 00:00:32]} 23. g3 {[%clk 00:11:37]} {[%emt 00:09:46]} e4 {[%clk
00:41:06]} {[%emt 00:01:02]} 24. Rb1 {[%clk 00:08:45]} {[%emt 00:03:22]} Be5
{[%clk 00:39:09]} {[%emt 00:02:27]} 25. b4 {[%clk 00:07:58]} {[%emt 00:01:17]}
Rb8 {[%clk 00:37:43]} {[%emt 00:01:56]} 26. Nf4 {[%clk 00:06:03]} {[%emt
00:02:25]} Bd6 {[%clk 00:37:26]} {[%emt 00:00:47]} 27. Nxg6 {[%clk 00:03:42]}
{[%emt 00:02:51]} hxg6 {[%clk 00:37:44]} {[%emt 00:00:12]} 28. Bf4 {[%clk
00:03:50]} {[%emt 00:00:22]} Rf8 {[%clk 00:36:37]} {[%emt 00:01:37]} 29. Kd2
{[%clk 00:03:30]} {[%emt 00:00:49]} e3+ {[%clk 00:35:23]} {[%emt 00:01:45]} 30.
Kd3 {[%clk 00:03:55]} {[%emt 00:00:05]} Bxc5 {[%clk 00:33:22]} {[%emt
00:02:30]} 31. bxc5 {[%clk 00:04:15]} {[%emt 00:00:10]} Rxb1 {[%clk 00:31:47]}
{[%emt 00:02:05]} 32. Rxb1 {[%clk 00:04:40]} {[%emt 00:00:05]} Bxe6 {[%clk
00:32:12]} {[%emt 00:00:05]} 33. Kxd4 {[%clk 00:04:53]} {[%emt 00:00:17]} e2
{[%clk 00:32:25]} {[%emt 00:00:16]} 34. Ke3 {[%clk 00:04:48]} {[%emt 00:00:36]}
g5 {[%clk 00:29:17]} {[%emt 00:03:39]} 35. Bxg5 {[%clk 00:04:34]} {[%emt
00:00:43]} Bg4 {[%clk 00:29:39]} {[%emt 00:00:08]} 36. Re1 {[%clk 00:01:20]}
{[%emt 00:03:43]} Rf5 {[%clk 00:27:22]} {[%emt 00:02:48]} 37. Bh4 {[%clk
00:01:00]} {[%emt 00:00:51]} d4+ {[%clk 00:27:07]} {[%emt 00:00:45]} 38. Kd2
{[%clk 00:01:26]} {[%emt 00:00:04]} Rxc5 {[%clk 00:27:03]} {[%emt 00:00:34]}
39. h3 {[%clk 00:01:52]} {[%emt 00:00:04]} Bf3 {[%clk 00:26:51]} {[%emt
00:00:42]} 40. g4 {[%clk 00:02:14]} {[%emt 00:00:08]} e5 {[%clk 00:26:18]}
{[%emt 00:01:02]} 41. Bf2 {[%clk 00:29:10]} {[%emt 00:03:34]} Rc3 {[%clk
00:55:37]} {[%emt 00:01:12]} 42. Rb1 {[%clk 00:29:01]} {[%emt 00:00:38]} c5
{[%clk 00:55:58]} {[%emt 00:00:09]} 43. Rb3 {[%clk 00:27:34]} {[%emt 00:01:57]}
Rxb3 {[%clk 00:54:54]} {[%emt 00:01:34]} 44. axb3 {[%clk 00:27:59]} {[%emt
00:00:06]} e4 {[%clk 00:54:31]} {[%emt 00:00:52]} 45. Bg1 {[%clk 00:28:20]}
{[%emt 00:00:09]} e3+ {[%clk 00:54:43]} {[%emt 00:00:18]} 46. Ke1 {[%clk
00:28:43]} {[%emt 00:00:07]} Ke7 {[%clk 00:54:37]} {[%emt 00:00:36]} 47. Bh2
{[%clk 00:28:47]} {[%emt 00:00:26]} Ke6 {[%clk 00:54:30]} {[%emt 00:00:38]} 48.
Bb8 {[%clk 00:26:21]} {[%emt 00:02:55]} a6 {[%clk 00:52:32]} {[%emt 00:02:28]}
49. g5 {[%clk 00:26:15]} {[%emt 00:00:37]} Be4 {[%clk 00:52:47]} {[%emt
00:00:14]} 50. Kxe2 {[%clk 00:21:29]} {[%emt 00:05:16]} Bxc2 {[%clk 00:53:10]}
{[%emt 00:00:08]} 51. h4 {[%clk 00:21:27]} {[%emt 00:00:31]} Bg6 {[%clk
00:53:33]} {[%emt 00:00:07]} 52. Bf4 {[%clk 00:21:33]} {[%emt 00:00:24]} Kf5
{[%clk 00:49:27]} {[%emt 00:04:36]} 53. Kf3 {[%clk 00:19:51]} {[%emt 00:02:12]}
Bh5+ {[%clk 00:49:48]} {[%emt 00:00:10]} 54. Kg3 {[%clk 00:20:17]} {[%emt
00:00:04]} Ke4 {[%clk 00:50:06]} {[%emt 00:00:12]} 55. Bd6 {[%clk 00:20:29]}
{[%emt 00:00:17]} d3 {[%clk 00:50:20]} {[%emt 00:00:17]} 0-1

[Event "DVM U16 2021"]
[Site "Kiel GER"]
[Date "2022.07.23"]
[Round "1"]
[White "Alms, Frithjof"]
[Black "Schubert, Nikita"]
[Result "1/2-1/2"]
[Termination "normal"]
[Board "4.2"]
[WhiteElo "1603"]
[BlackElo "1949"]
[WhiteClock "00:03:11"]
[BlackClock "00:00:37"]
[WhiteTeam "DJK Arminia Eilendorf 1919 e. V."]
[BlackTeam "ESV Gera"]
[PlyCount "113"]
[WhiteFideId "16258398"]
[BlackFideId "16212339"]
[EventCountry "GER"]
[EventRounds "7"]
[EventType "team-swiss"]
[EventDate "2022.07.22"]

1. e4 {[%clk 01:30:52]} {[%emt 00:00:07]} e5 {[%clk 01:30:50]} {[%emt
00:00:11]} 2. Nf3 {[%clk 01:30:52]} {[%emt 00:00:30]} Nc6 {[%clk 01:31:11]}
{[%emt 00:00:09]} 3. Bc4 {[%clk 01:30:22]} {[%emt 00:01:01]} Bc5 {[%clk
01:31:31]} {[%emt 00:00:09]} 4. d3 {[%clk 01:29:56]} {[%emt 00:00:55]} Nf6
{[%clk 01:31:43]} {[%emt 00:00:18]} 5. Nc3 {[%clk 01:29:07]} {[%emt 00:01:19]}
d6 {[%clk 01:31:41]} {[%emt 00:00:32]} 6. Be3 {[%clk 01:24:50]} {[%emt
00:04:48]} Bb6 {[%clk 01:23:20]} {[%emt 00:08:51]} 7. h3 {[%clk 01:20:41]}
{[%emt 00:04:38]} Be6 {[%clk 01:18:26]} {[%emt 00:05:24]} 8. Bxb6 {[%clk
01:09:57]} {[%emt 00:11:14]} axb6 {[%clk 01:17:16]} {[%emt 00:01:40]} 9. Bb3
{[%clk 01:08:04]} {[%emt 00:02:24]} O-O {[%clk 01:08:20]} {[%emt 00:09:25]} 10.
O-O {[%clk 01:07:32]} {[%emt 00:01:01]} Ne7 {[%clk 01:04:10]} {[%emt 00:04:41]}
11. Qd2 {[%clk 01:02:41]} {[%emt 00:05:21]} Ng6 {[%clk 01:03:22]} {[%emt
00:01:18]} 12. Ne2 {[%clk 00:55:32]} {[%emt 00:07:39]} h6 {[%clk 00:49:04]}
{[%emt 00:14:48]} 13. Rfe1 {[%clk 00:51:08]} {[%emt 00:04:53]} Nh5 {[%clk
00:42:01]} {[%emt 00:07:33]} 14. d4 {[%clk 00:48:21]} {[%emt 00:03:17]} Qf6
{[%clk 00:37:26]} {[%emt 00:05:05]} 15. dxe5 {[%clk 00:39:00]} {[%emt
00:09:52]} dxe5 {[%clk 00:34:07]} {[%emt 00:03:49]} 16. Qc3 {[%clk 00:31:24]}
{[%emt 00:08:05]} c6 {[%clk 00:33:33]} {[%emt 00:01:04]} 17. Rad1 {[%clk
00:25:05]} {[%emt 00:06:49]} Rfd8 {[%clk 00:33:15]} {[%emt 00:00:48]} 18. Nh2
{[%clk 00:20:39]} {[%emt 00:04:57]} Nhf4 {[%clk 00:24:22]} {[%emt 00:09:24]}
19. Rxd8+ {[%clk 00:17:02]} {[%emt 00:04:06]} Rxd8 {[%clk 00:24:24]} {[%emt
00:00:28]} 20. Nxf4 {[%clk 00:15:36]} {[%emt 00:01:56]} Nxf4 {[%clk 00:23:20]}
{[%emt 00:01:34]} 21. Bxe6 {[%clk 00:13:32]} {[%emt 00:02:34]} Qxe6 {[%clk
00:23:02]} {[%emt 00:00:48]} 22. Nf3 {[%clk 00:07:45]} {[%emt 00:06:17]} f6
{[%clk 00:20:27]} {[%emt 00:03:05]} 23. a3 {[%clk 00:05:59]} {[%emt 00:02:17]}
Kh7 {[%clk 00:18:10]} {[%emt 00:02:46]} 24. Nd2 {[%clk 00:04:23]} {[%emt
00:02:07]} Qf7 {[%clk 00:12:47]} {[%emt 00:05:53]} 25. Kh2 {[%clk 00:02:27]}
{[%emt 00:02:26]} Qg6 {[%clk 00:09:26]} {[%emt 00:03:50]} 26. g3 {[%clk
00:02:30]} {[%emt 00:00:28]} Ne6 {[%clk 00:09:24]} {[%emt 00:00:31]} 27. Qe3
{[%clk 00:02:09]} {[%emt 00:00:51]} Ng5 {[%clk 00:07:47]} {[%emt 00:02:08]} 28.
Nf3 {[%clk 00:01:46]} {[%emt 00:00:53]} Nxf3+ {[%clk 00:05:25]} {[%emt
00:02:52]} 29. Qxf3 {[%clk 00:02:09]} {[%emt 00:00:07]} Rd4 {[%clk 00:03:25]}
{[%emt 00:02:30]} 30. Kg2 {[%clk 00:01:49]} {[%emt 00:00:50]} Qe8 {[%clk
00:01:39]} {[%emt 00:02:16]} 31. Rd1 {[%clk 00:01:44]} {[%emt 00:00:35]} Qd8
{[%clk 00:01:10]} {[%emt 00:00:59]} 32. Rxd4 {[%clk 00:01:35]} {[%emt
00:00:39]} Qxd4 {[%clk 00:00:52]} {[%emt 00:00:48]} 33. Qf5+ {[%clk 00:01:54]}
{[%emt 00:00:11]} Kh8 {[%clk 00:00:45]} {[%emt 00:00:37]} 34. Qc8+ {[%clk
00:02:16]} {[%emt 00:00:08]} Kh7 {[%clk 00:01:11]} {[%emt 00:00:04]} 35. Qf5+
{[%clk 00:02:41]} {[%emt 00:00:05]} g6 {[%clk 00:01:00]} {[%emt 00:00:42]} 36.
Qxf6 {[%clk 00:02:54]} {[%emt 00:00:17]} Qxe4+ {[%clk 00:01:07]} {[%emt
00:00:23]} 37. Qf3 {[%clk 00:03:20]} {[%emt 00:00:04]} Qf5 {[%clk 00:00:51]}
{[%emt 00:00:47]} 38. Qb3 {[%clk 00:03:03]} {[%emt 00:00:46]} b5 {[%clk
00:01:07]} {[%emt 00:00:16]} 39. Qb4 {[%clk 00:02:20]} {[%emt 00:01:12]} Qf6
{[%clk 00:00:56]} {[%emt 00:00:40]} 40. Qe4 {[%clk 00:01:34]} {[%emt 00:01:16]}
Kg7 {[%clk 00:01:11]} {[%emt 00:00:15]} 41. Qd3 {[%clk 00:00:54]} {[%emt
00:01:10]} Qe7 {[%clk 00:27:09]} {[%emt 00:04:33]} 42. Qe4 {[%clk 00:29:30]}
{[%emt 00:01:53]} Qd6 {[%clk 00:26:23]} {[%emt 00:01:17]} 43. h4 {[%clk
00:24:41]} {[%emt 00:05:18]} h5 {[%clk 00:26:02]} {[%emt 00:00:51]} 44. Qe3
{[%clk 00:22:17]} {[%emt 00:02:54]} Qd5+ {[%clk 00:21:56]} {[%emt 00:04:36]}
45. f3 {[%clk 00:16:00]} {[%emt 00:06:48]} Kh7 {[%clk 00:19:27]} {[%emt
00:02:57]} 46. Qd3 {[%clk 00:12:37]} {[%emt 00:03:53]} Kg7 {[%clk 00:14:58]}
{[%emt 00:05:00]} 47. Qe3 {[%clk 00:11:23]} {[%emt 00:01:44]} Qd6 {[%clk
00:13:59]} {[%emt 00:01:28]} 48. Qg5 {[%clk 00:10:23]} {[%emt 00:01:29]} Qc5
{[%clk 00:11:28]} {[%emt 00:03:03]} 49. Qd2 {[%clk 00:10:19]} {[%emt 00:00:34]}
Kf7 {[%clk 00:07:57]} {[%emt 00:04:01]} 50. Qd7+ {[%clk 00:09:13]} {[%emt
00:01:36]} Qe7 {[%clk 00:07:28]} {[%emt 00:00:59]} 51. Qxe7+ {[%clk 00:06:29]}
{[%emt 00:03:14]} Kxe7 {[%clk 00:07:56]} {[%emt 00:00:01]} 52. Kf2 {[%clk
00:06:04]} {[%emt 00:00:55]} Ke6 {[%clk 00:06:59]} {[%emt 00:01:27]} 53. g4
{[%clk 00:04:27]} {[%emt 00:02:06]} Kd5 {[%clk 00:02:53]} {[%emt 00:04:36]} 54.
Ke3 {[%clk 00:04:41]} {[%emt 00:00:16]} Kd6 {[%clk 00:00:57]} {[%emt 00:02:26]}
55. gxh5 {[%clk 00:03:52]} {[%emt 00:01:20]} gxh5 {[%clk 00:01:14]} {[%emt
00:00:12]} 56. f4 {[%clk 00:03:52]} {[%emt 00:00:29]} Ke6 {[%clk 00:00:37]}
{[%emt 00:01:07]} 57. Ke4 {[%clk 00:03:11]} {[%emt 00:01:12]} 1/2-1/2

[Event "DVM U16 2021"]
[Site "Kiel GER"]
[Date "2022.07.23"]
[Round "1"]
[White "Frank, Marek"]
[Black "Mainka, Ingmar"]
[Result "0-1"]
[Termination "normal"]
[Board "4.3"]
[WhiteElo "1551"]
[BlackElo "1432"]
[WhiteClock "00:27:18"]
[BlackClock "00:45:45"]
[WhiteTeam "ESV Gera"]
[BlackTeam "DJK Arminia Eilendorf 1919 e. V."]
[PlyCount "84"]
[WhiteFideId "16239520"]
[BlackFideId "16254937"]
[EventCountry "GER"]
[EventRounds "7"]
[EventType "team-swiss"]
[EventDate "2022.07.22"]

1. e4 {[%clk 01:30:53]} {[%emt 00:00:06]} c5 {[%clk 01:30:54]} {[%emt
00:00:07]} 2. Nf3 {[%clk 01:31:07]} {[%emt 00:00:16]} Nc6 {[%clk 01:31:18]}
{[%emt 00:00:05]} 3. d4 {[%clk 01:30:52]} {[%emt 00:00:46]} cxd4 {[%clk
01:31:40]} {[%emt 00:00:08]} 4. Nxd4 {[%clk 01:31:17]} {[%emt 00:00:05]} g6
{[%clk 01:32:05]} {[%emt 00:00:05]} 5. Be3 {[%clk 01:29:50]} {[%emt 00:01:57]}
Bg7 {[%clk 01:32:26]} {[%emt 00:00:08]} 6. c4 {[%clk 01:23:58]} {[%emt
00:06:22]} Nf6 {[%clk 01:32:48]} {[%emt 00:00:08]} 7. Nc3 {[%clk 01:23:31]}
{[%emt 00:00:57]} O-O {[%clk 01:33:11]} {[%emt 00:00:07]} 8. Be2 {[%clk
01:22:27]} {[%emt 00:01:35]} d6 {[%clk 01:33:34]} {[%emt 00:00:07]} 9. h3
{[%clk 01:11:17]} {[%emt 00:11:41]} Nxd4 {[%clk 01:33:24]} {[%emt 00:00:39]}
10. Bxd4 {[%clk 01:10:57]} {[%emt 00:00:49]} Be6 {[%clk 01:33:49]} {[%emt
00:00:06]} 11. O-O {[%clk 01:08:43]} {[%emt 00:02:43]} a6 {[%clk 01:34:12]}
{[%emt 00:00:07]} 12. f4 {[%clk 01:04:56]} {[%emt 00:04:17]} Rc8 {[%clk
01:33:36]} {[%emt 00:01:06]} 13. b3 {[%clk 00:52:37]} {[%emt 00:12:49]} Qa5
{[%clk 01:29:17]} {[%emt 00:04:48]} 14. Nd5 {[%clk 00:37:36]} {[%emt 00:15:32]}
Nxd5 {[%clk 01:17:11]} {[%emt 00:12:37]} 15. exd5 {[%clk 00:34:09]} {[%emt
00:03:57]} Bxd4+ {[%clk 01:16:58]} {[%emt 00:00:43]} 16. Qxd4 {[%clk 00:34:29]}
{[%emt 00:00:10]} Bd7 {[%clk 01:17:19]} {[%emt 00:00:09]} 17. Kh1 {[%clk
00:30:18]} {[%emt 00:04:42]} b5 {[%clk 01:12:38]} {[%emt 00:05:09]} 18. Bd3
{[%clk 00:27:56]} {[%emt 00:02:52]} bxc4 {[%clk 01:12:17]} {[%emt 00:00:52]}
19. bxc4 {[%clk 00:26:13]} {[%emt 00:02:12]} e6 {[%clk 01:11:37]} {[%emt
00:01:10]} 20. Rf3 {[%clk 00:16:55]} {[%emt 00:09:48]} exd5 {[%clk 01:11:21]}
{[%emt 00:00:46]} 21. cxd5 {[%clk 00:15:13]} {[%emt 00:02:12]} Qc3 {[%clk
01:11:35]} {[%emt 00:00:15]} 22. Qxc3 {[%clk 00:13:17]} {[%emt 00:02:27]} Rxc3
{[%clk 01:12:01]} {[%emt 00:00:05]} 23. Bxa6 {[%clk 00:08:47]} {[%emt
00:04:59]} Rxf3 {[%clk 01:12:14]} {[%emt 00:00:18]} 24. gxf3 {[%clk 00:09:12]}
{[%emt 00:00:04]} Ra8 {[%clk 01:11:49]} {[%emt 00:00:55]} 25. Bb7 {[%clk
00:05:54]} {[%emt 00:03:49]} Ra3 {[%clk 01:12:04]} {[%emt 00:00:14]} 26. Kg2
{[%emt 00:02:08]} Bb5 {[%clk 01:11:27]} {[%emt 00:00:57]} 27. Re1 {[%clk
00:03:00]} {[%emt 00:01:55]} Rxa2+ {[%clk 01:11:27]} {[%emt 00:00:31]} 28. Kg3
{[%emt 00:00:14]} Kf8 {[%clk 01:10:21]} {[%emt 00:01:26]} 29. Rb1 {[%clk
00:02:57]} {[%emt 00:00:57]} Bc4 {[%clk 01:09:32]} {[%emt 00:01:21]} 30. Rb6
{[%clk 00:02:20]} {[%emt 00:01:06]} Ke7 {[%clk 01:09:54]} {[%emt 00:00:09]} 31.
Bc6 {[%clk 00:02:41]} {[%emt 00:00:09]} Bf1 {[%clk 00:57:52]} {[%emt 00:12:32]}
32. Rb7+ {[%clk 00:02:08]} {[%emt 00:01:02]} Kf8 {[%clk 00:58:07]} {[%emt
00:00:16]} 33. Rb1 {[%clk 00:01:24]} {[%emt 00:01:13]} Rg2+ {[%clk 00:58:13]}
{[%emt 00:00:25]} 34. Kh4 {[%clk 00:01:32]} {[%emt 00:00:22]} Be2 {[%clk
00:58:25]} {[%emt 00:00:18]} 35. Rb8+ {[%clk 00:01:26]} {[%emt 00:00:36]} Kg7
{[%clk 00:58:48]} 36. Rb3 {[%clk 00:01:13]} {[%emt 00:00:49]} h6 {[%clk
00:59:00]} 37. Re3 {[%clk 00:01:08]} {[%emt 00:00:54]} Bd1 {[%clk 00:59:03]}
38. Bb5 {[%clk 00:00:59]} {[%emt 00:01:05]} Kf6 {[%clk 00:46:13]} 39. Bd3
{[%clk 00:01:13]} {[%emt 00:13:37]} g5+ {[%clk 00:44:59]} 40. fxg5+ {[%clk
00:01:13]} hxg5+ {[%clk 00:44:59]} 41. Kh5 {[%clk 00:00:31]} {[%emt 00:03:33]}
Rg3 {[%clk 00:45:45]} 42. Be4 {[%clk 00:27:18]} {[%emt 00:03:50]} Ba4 {[%emt
00:10:40]} 0-1

[Event "DVM U16 2021"]
[Site "Kiel GER"]
[Date "2022.07.23"]
[Round "1"]
[White "Korr, Sören"]
[Black "Barz, Henrik"]
[Result "0-1"]
[Termination "normal"]
[Board "4.4"]
[WhiteElo "1255"]
[BlackElo "1492"]
[WhiteClock "00:01:11"]
[BlackClock "00:38:48"]
[WhiteTeam "DJK Arminia Eilendorf 1919 e. V."]
[BlackTeam "ESV Gera"]
[PlyCount "72"]
[WhiteFideId "16275241"]
[BlackFideId "34628320"]
[EventCountry "GER"]
[EventRounds "7"]
[EventType "team-swiss"]
[EventDate "2022.07.22"]

1. e4 {[%clk 01:30:56]} {[%emt 00:00:03]} e6 {[%clk 01:30:54]} {[%emt
00:00:06]} 2. d4 {[%clk 01:30:57]} {[%emt 00:00:30]} d5 {[%emt 00:00:43]} 3.
exd5 {[%clk 01:30:35]} {[%emt 00:00:16]} exd5 {[%clk 01:31:42]} {[%emt
00:00:06]} 4. Nc3 {[%clk 01:29:44]} {[%emt 00:01:20]} c6 {[%clk 01:31:06]}
{[%emt 00:01:06]} 5. Bd3 {[%clk 01:29:29]} {[%emt 00:00:45]} Bd6 {[%clk
01:31:21]} {[%emt 00:00:15]} 6. Nge2 {[%clk 01:29:21]} {[%emt 00:00:38]} Bg4
{[%clk 01:30:47]} {[%emt 00:01:04]} 7. O-O {[%clk 01:28:58]} {[%emt 00:00:53]}
Qc7 {[%clk 01:29:34]} {[%emt 00:01:43]} 8. h3 {[%clk 01:27:06]} {[%emt
00:02:22]} Bh5 {[%clk 01:29:57]} {[%emt 00:00:06]} 9. Re1 {[%clk 01:27:11]}
{[%emt 00:00:26]} Ne7 {[%clk 01:30:19]} {[%emt 00:00:08]} 10. Be3 {[%clk
01:25:45]} {[%emt 00:01:55]} Nd7 {[%clk 01:27:06]} {[%emt 00:03:43]} 11. Qd2
{[%clk 01:25:29]} {[%emt 00:00:47]} Bg6 {[%clk 01:27:25]} {[%emt 00:00:11]} 12.
Bf4 {[%clk 01:23:26]} {[%emt 00:02:33]} O-O {[%clk 01:25:01]} {[%emt 00:02:53]}
13. Rad1 {[%clk 01:21:44]} {[%emt 00:02:12]} Rfe8 {[%clk 01:24:15]} {[%emt
00:01:17]} 14. Bxd6 {[%clk 01:17:39]} {[%emt 00:04:36]} Qxd6 {[%clk 01:24:38]}
{[%emt 00:00:07]} 15. Ng3 {[%clk 01:15:52]} {[%emt 00:02:16]} Nf6 {[%clk
01:21:29]} {[%emt 00:03:39]} 16. Re2 {[%clk 01:14:36]} {[%emt 00:01:47]} Bxd3
{[%clk 01:20:53]} {[%emt 00:01:05]} 17. Qxd3 {[%clk 01:14:49]} {[%emt
00:00:17]} Ng6 {[%clk 01:21:11]} {[%emt 00:00:12]} 18. Rde1 {[%clk 01:15:05]}
{[%emt 00:00:13]} Kf8 {[%clk 01:11:00]} {[%emt 00:10:41]} 19. Nf5 {[%clk
00:23:58]} {[%emt 00:51:37]} Qd7 {[%clk 01:10:08]} {[%emt 00:01:23]} 20. Qf3
{[%clk 00:20:26]} {[%emt 00:04:02]} Rxe2 {[%clk 01:01:02]} {[%emt 00:09:36]}
21. Rxe2 {[%clk 00:20:36]} {[%emt 00:00:19]} Re8 {[%clk 01:01:25]} {[%emt
00:00:07]} 22. g4 {[%clk 00:16:36]} {[%emt 00:04:30]} Re6 {[%clk 00:50:56]}
{[%emt 00:10:59]} 23. Re3 {[%clk 00:10:18]} {[%emt 00:06:48]} Ne8 {[%clk
00:44:02]} {[%emt 00:07:24]} 24. Rxe6 {[%clk 00:05:27]} {[%emt 00:05:20]} Qxe6
{[%clk 00:44:24]} {[%emt 00:00:08]} 25. Qe3 {[%clk 00:05:55]} {[%emt 00:00:03]}
b5 {[%clk 00:43:41]} {[%emt 00:01:14]} 26. Ne2 {[%clk 00:03:55]} {[%emt
00:02:29]} Ne7 {[%clk 00:43:42]} {[%emt 00:00:29]} 27. Qxe6 {[%clk 00:00:44]}
{[%emt 00:03:42]} fxe6 {[%clk 00:44:11]} {[%emt 00:00:01]} 28. Nxe7 {[%clk
00:01:12]} {[%emt 00:00:02]} Kxe7 {[%clk 00:44:39]} {[%emt 00:00:01]} 29. Nc1
{[%clk 00:01:18]} {[%emt 00:00:24]} Nd6 {[%clk 00:44:23]} {[%emt 00:00:46]} 30.
Nd3 {[%clk 00:01:08]} {[%emt 00:00:40]} Nc4 {[%clk 00:44:34]} {[%emt 00:00:19]}
31. b3 {[%clk 00:01:01]} {[%emt 00:00:37]} Na3 {[%clk 00:44:37]} {[%emt
00:00:28]} 32. Ne5 {[%clk 00:01:08]} {[%emt 00:00:23]} Kd6 {[%clk 00:38:34]}
{[%emt 00:06:33]} 33. Nf7+ {[%clk 00:00:35]} {[%emt 00:01:03]} Kd7 {[%clk
00:38:28]} {[%emt 00:00:36]} 34. Ne5+ {[%clk 00:01:02]} {[%emt 00:00:03]} Kc7
{[%clk 00:38:51]} {[%emt 00:00:07]} 35. c3 {[%clk 00:01:15]} {[%emt 00:00:17]}
Nb1 {[%clk 00:38:23]} {[%emt 00:00:58]} 36. c4 {[%clk 00:01:11]} {[%emt
00:00:34]} Nc3 {[%clk 00:38:48]} {[%emt 00:00:05]} 0-1